000 01654nam a2200289Ia 4500
001 G5014
003 IT-RoPAU
008 130308s9999 xx 000 0 und d
040 _aIT-RoPAU
040 _cIT-RoPAU
041 _aITALIANO
100 _aPaci Gabriella
100 _gCodice Aut. SPICS: 23926
245 _aTelevisione (La)
245 _bTelevisione (La)
250 _a1a ed.
260 _aNAPOLI
260 _bEllissi
260 _c2000 [1° Ed.:2000 - Ed.Ling.Originale:2000]
300 _a"382 p. (prefazione: no ; testo: 382 [pagine: 0-0])"
500 _a"Televisione: Processo Televisivo o Sviluppo Storico del Mezzo; Industria Espettacolo: Broadcast Negli Stati Uniti, Modello Pubblico Europeo, Televisione in Italia; Organizzazione produttiva e figure Professionali: impresa Televisiva, Informazione Televisiva; Nuovi Scenari: innovazioni Tecnologiche, Televisione Digitale, Dvb, Analogico/Digitale/Multimediale, Televisione Interattiva, Televisione e Rete, fusioni tra I Media, Dalla web tv al Webcasting; cambiamento del Sistema: Oltre Il Modello Generalista: Pay Tv, tv di Nicchia, Pay per View, video On Demand, tv Oggi in Usa, Europa e Italia, fusione dei Gruppi, Nuovo Pubblico Televisivo. Strumenti: consigli di Lettura; Cronologie Sulle principali tappe Dello Sviluppo Tecnico e produttivo Delmezzo in Usa, Europa e Italia; Schede biografiche dei protagonisti della Storia Tecnica e Produttiva; Glossario che Indicizza I termini Utilizzati nel Volume; Bibliografia Ragionata."
650 _aENCICLOPEDIE DELLA TELEVISIONE
650 _eCodice materia Spics: 6951
942 _cBK
957 _71
999 _c93825
_d93825
999 _g1